Radio Designer's Handbook (Record no. 8356)
[ view plain ]
| 000 -LEADER | |
|---|---|
| fixed length control field | 00412 a2200145 4500 |
| 020 ## - INTERNATIONAL STANDARD BOOK NUMBER | |
| International Standard Book Number | 0750636351 |
| 040 ## - CATALOGING SOURCE | |
| Original cataloging agency | DLC |
| Language of cataloging | DLC |
| 245 10 - TITLE STATEMENT | |
| Title | Radio Designer's Handbook |
| Statement of responsibility, etc. | edited by Fritz Langford-Smith |
| 250 ## - EDITION STATEMENT | |
| Edition statement | Classic ed. |
| 260 ## - PUBLICATION, DISTRIBUTION, ETC. | |
| Place of publication, distribution, etc. | Butterworth-Heinemann, |
| Name of publisher, distributor, etc. | C1997. |
| 300 ## - PHYSICAL DESCRIPTION | |
| Extent | 1498 p. : |
| Other physical details | ill. |
| 500 ## - GENERAL NOTE | |
| General note | Revised reprint with addenda, |
| 700 1# - ADDED ENTRY--PERSONAL NAME | |
| Personal name | Langford-Smith, Fritz. |
| 942 ## - ADDED ENTRY ELEMENTS (KOHA) | |
| Koha item type | Book |
| Call number prefix | 621.384136 LAN |
| Source of classification or shelving scheme | |
| Withdrawn status | Lost status | Damaged status | Not for loan | Collection code | Permanent Location | Current Location | Shelving location | Date acquired | Source of acquisition | Cost, normal purchase price | Full call number | Barcode | Date last seen | Price effective from | Koha item type |
|---|---|---|---|---|---|---|---|---|---|---|---|---|---|---|---|
| Central Library (CL) | Central Library (CL) | General Stacks | 05/12/2007 | Academic Book Company | 4436.46 | 621.384136 LAN | SEECS008481 | 11/14/2012 | 01/05/2017 | Reference |
